Responses for show #6358 - Wednesday, April 18, 2012

Contestants

Dan Adkison, a copy editor from Brooklyn, New York

Eileen McQuiggan, a former teacher and stay-at-home mom from Orlando, Florida

Mary Harris, a knitting store owner from Seattle, Washington (whose 1-day cash winnings total $5,900)

Jeopardy! Round responses

I WANT A GREEN CAR
(Alex: Not the color green.)
CHARACTERS BASED ON REAL PEOPLE
A PREFIXER UPPER
NEWSPAPERS
THE STAFF OF THE DANA CARVEY SHOW
CULTURES OF SOUTH AFRICA
(Sarah: ...from Lesedi Cultural Village, the rainbow you'd expect from a country with 11 official languages.)
    $200 16
Hyundai

Mary
    $200 1
Romeo & Juliet

Dan
    $200 7
the people

Dan
    $200 6
(Mary: What is the Los Angeles Times?)

The New York Times

MaryEileen
    $200 26
[The end-of-round signal sounds.]

Garth

Dan
    $200 18
(Mary: Uh, what is... sss... uh, God--)
(Alex: Oh, you took too much time.)

God Bless Africa

MaryDan
    $400 17
particulate

Dan
    $400 2
(Eileen: Who is Dr. Watson?)

Sherlock Holmes

EileenDan
    $400 12
frozen

Eileen
    $400 8
Chicago

Mary
    $400 19
Bantu

Dan
    $600 23
(Alex: With less than a minute.)

the Volt

Dan
    $600 3
Daniel Boone

Triple Stumper
    $600 13
Chinese

Dan
    $600 9
The Christian Science Monitor

Dan
    $600 20
mines

Dan
    $800 24
the brakes

Dan
    $800 4
Jean Valjean

Eileen
    $800 14
(Dan: What is 20?)

12

EileenDan
    $2,400 10
Stars and Stripes

Dan
    $800 21
BMW

Eileen
    $1000 25
partial zero

Mary
    $1000 5
Uncle Remus

Dan
    $1000 15
(Mary: What is writing?)

beauty

Mary
Triple Stumper
    $1000 11
The Des Moines Register

Dan
    $1000 22
Shaka

Dan

Scores at the first commercial break (after clue 15):

Mary Eileen Dan
-$800 $1,800 $5,600

Scores at the end of the Jeopardy! Round:

Mary Eileen Dan
$200 $2,600 $9,800

Double Jeopardy! Round responses

THAT'S WHERE I DRAW THE LION
NOTABLE WOMEN
HOW 'BOUT THEM APPLES?
BOOKS ABOUT ROCK STARS
U.S. RIVERS
THE FIRST LETTER IS...
(Alex: And I'll give you the first letter.)
    $400 21
(Alex: Oh, that was [*]. [*] pulling the thorn out of the lion's paw.)

Androcles

Triple Stumper
    $400 16
Corazon (Aquino)

Eileen
    $400 7
Kurt Cobain

Dan
    $400 6
the Colorado

Mary
    $400 1
a zucchini

Mary
    $800 22
René Magritte

Triple Stumper
    $800 17
Sister Wendy

Triple Stumper
    $5,000 12
(Dan: Who is Ringo Starr?)

George Harrison

Dan
    $800 8
the Rio Grande

Mary
    $800 2
ulcer

Eileen
    $1,000 23
(Alex: Minute to go now.)

Venice

Dan
    $1200 18
Samoa

Mary
    $1200 28
[The end-of-round signal sounds.]

Sundance

Dan
    $1200 13
(Eileen: Who is...)
(Alex: Oh, darn.)
(Dan: Who is Pete Townshend?)
(Mary: Who is Roger Daltrey?)

Tommy Lee

MaryEileenDan
Triple Stumper
    $1200 9
the Red

Dan
    $1200 3
valise

Mary
    $1600 24
Pennsylvania

Dan
    $1600 19
Ellen Johnson Sirleaf

Dan
    $1600 27
the Baldwin

Mary
    $1600 14
Jim Morrison

Triple Stumper
    $1600 10
Schuylkill

Mary
    $1600 4
yardbird

Eileen
    $2000 25
Peter Paul Rubens

Triple Stumper
    $2000 20
Spelman College

Triple Stumper
    $2000 26
King Priam

Triple Stumper
    $2000 15
(Mary: Who is Ozzy Osbourne?)
(Eileen: Who is Paula Abdul?)

Steven Tyler

MaryEileen
Triple Stumper
    $2000 11
the Yellowstone

Dan
    $2000 5
quotidian

Dan

Scores at the end of the Double Jeopardy! Round:

Mary Eileen Dan
$4,200 $2,200 $14,600
(lock game)

[wagering suggestions for these scores]

Final Jeopardy! Round responses

1920s NOVELS
EileenWho is Elmer Gantry?
$0
MaryWho is ?
$0
DanWho is Gatsby?
$1,400
Elmer Gantry

Final scores:

Mary Eileen Dan
$4,200 $2,200 $13,200
2nd place: $2,000 3rd place: $1,000 New champion: $13,200

Game dynamics:

Coryat scores:

Mary Eileen Dan
$4,200 $2,200 $18,200
10 R,
5 W
8 R,
3 W
24 R
(including 2 DDs),
3 W
(including 1 DD)

Combined Coryat: $24,600

The J! Archive is created by fans, for fans. The Jeopardy! game show and all elements thereof, including but not limited to copyright and trademark thereto, are the property of Jeopardy Productions, Inc. and are protected under law. This website is not affiliated with, sponsored by, or operated by Jeopardy Productions, Inc. Join the discussion at JBoard.tv.